Về Lê Nin và Cách mạng tháng mười
Những bài viết của Chủ tịch Hồ Chí Minh về Lê Nin và Cách mạng tháng Mười từ 1922 đến 1969. Ca ngợi công lao sự nghiệp, đức độ, tài năng của V.I. Lê Nin. Đánh giá ý nghĩa quốc tế của Cách mạng tháng Mười. Chủ nghĩa Lê Nin và cách mạng tháng 10...
Guardat en:
| Autor principal: | |
|---|---|
| Format: | Llibre |
| Idioma: | Vietnamese |
| Publicat: |
H.
Sự thật
1985
|
| Matèries: | |
| Etiquetes: |
Afegir etiqueta
Sense etiquetes, Sigues el primer a etiquetar aquest registre!
|
| Thư viện lưu trữ: | Mạng thư viện Đại học Đà Nẵng |
|---|
| LEADER | 01413nam a22003498a 4500 | ||
|---|---|---|---|
| 001 | 000007582 | ||
| 003 | 3745 | ||
| 005 | 20111007081014.0 | ||
| 008 | 111007s1985 b 000 0 vieod | ||
| 020 | |c 10000đ | ||
| 041 | 0 | |a vie | |
| 082 | |a 335.521 |b HÔ-M | ||
| 084 | |a A175 |b V250L | ||
| 100 | 1 | |a Hồ Chí Minh | |
| 245 | 1 | 0 | |a Về Lê Nin và Cách mạng tháng mười |c Hồ Chí Minh |
| 260 | |a H. |b Sự thật |c 1985 | ||
| 300 | |a 235tr : 1 ảnh |c 19cm | ||
| 520 | |a Những bài viết của Chủ tịch Hồ Chí Minh về Lê Nin và Cách mạng tháng Mười từ 1922 đến 1969. Ca ngợi công lao sự nghiệp, đức độ, tài năng của V.I. Lê Nin. Đánh giá ý nghĩa quốc tế của Cách mạng tháng Mười. Chủ nghĩa Lê Nin và cách mạng tháng 10 | ||
| 653 | |a cách mạng Việt Nam | ||
| 653 | |a Lê Nin | ||
| 653 | |a cách mạng tháng mười | ||
| 910 | |a Nguyễn Thị Kim Oanh |d 07/10/2011 | ||
| OWN | |a LSP | ||
| AVA | |a UDN50 |b LSP |d 335.521 HÔ-M |e available |t Error 5001 Not defined in file expand_doc_bib_avail. |f 5 |g 2 |h N |i 0 |k 1 | ||
| 999 | |a From the UDN01 | ||
| AVA | |a UDN50 |b LSP |d 335.521 HÔ-M |e available |t Error 5001 Not defined in file expand_doc_bib_avail. |f 5 |g 2 |h N |i 0 |k 1 | ||
| TYP | |a Monograph | ||
| TYP | |a Printed language | ||
| 980 | |a Mạng thư viện Đại học Đà Nẵng | ||